[Event "Amagermesterskabet Gruppe 1 2014"]
[Site "Sundbyoster"]
[Date "2014.10.21"]
[Round "7"]
[White "Petersen, Nils"]
[Black "Moller, Arne Vagn"]
[Result "1-0"]
[WhiteElo "1848"]
[BlackElo "1806"]
[PlyCount "133"]
[EventDate "2014.??.??"]

1. c4 c5 2. g3 Nc6 3. Bg2 Nf6 4. Nf3 g6 5. Nc3 Bg7 6. d4 cxd4 7. Nxd4 O-O 8.
O-O Nxd4 9. Qxd4 d6 10. Qd3 Nd7 11. b3 Ne5 12. Qd2 a6 13. Bb2 Rb8 14. Rfd1 Be6
15. Ne4 f6 16. f4 Nc6 17. Rac1 Bf7 18. e3 h6 19. Nf2 Kh7 20. h4 Qb6 21. Be4 e5
22. f5 Ne7 23. fxg6+ Bxg6 24. Bxg6+ Nxg6 25. h5 Ne7 26. Bc3 Qc6 27. Qd3+ Kh8
28. Qe4 Rbc8 29. Qxc6 Rxc6 30. Ne4 Nf5 31. Kf2 Rfc8 32. g4 Ne7 33. Nxd6 R8c7
34. Bb4 Nc8 35. Nf5 Rf7 36. Rd8+ Kh7 37. Rcd1 Nb6 38. Ba5 Bf8 39. Bxb6 Rxb6 40.
R8d7 Rxd7 41. Rxd7+ Kg8 42. Ne7+ Bxe7 43. Rxe7 a5 44. Re8+ Kf7 45. Ra8 f5 46.
gxf5 Kf6 47. e4 Kg5 48. Rxa5 Kf4 49. c5 Rc6 50. b4 Kxe4 51. Ra3 Kxf5 52. Rg3
Ra6 53. a3 Ke4 54. Ke2 Kd4 55. Kd2 e4 56. Kc2 Rf6 57. Rg6 Rf3 58. Rd6+ Kc4 59.
Rxh6 Rxa3 60. Rb6 Rh3 61. Rxb7 Rh2+ 62. Kd1 Kd3 63. Rd7+ Kc4 64. c6 Rh1+ 65.
Ke2 Kxb4 66. c7 Rc1 67. h6 1-0

[Event "Amagermesterskabet Gruppe 1 2014"]
[Site "Sundbyoster"]
[Date "2014.10.21"]
[Round "7"]
[White "Brorsen, Jacob Abildlund"]
[Black "Lontoft, Sven"]
[Result "1-0"]
[WhiteElo "2132"]
[BlackElo "1725"]
[PlyCount "83"]
[EventDate "2014.??.??"]

1. d4 Nf6 2. c4 e6 3. Nc3 Bb4 4. e3 c5 5. a3 cxd4 6. exd4 Be7 7. Nf3 O-O 8. Bd3
d5 9. c5 Nc6 10. b4 a6 11. O-O b6 12. cxb6 Qxb6 13. Bg5 h6 14. Bh4 Bd7 15. Na4
Qd8 16. h3 Nh5 17. Bxe7 Qxe7 18. Nc5 a5 19. Nxd7 Qxd7 20. b5 Nf4 21. bxc6 Qxc6
22. Qd2 g5 23. Rfc1 Qd6 24. Bf1 f5 25. Ne5 Nh5 26. Rc6 Qe7 27. a4 Rf6 28. Rac1
Raf8 29. Rc7 Qa3 30. Qxa5 Qb2 31. Qc3 Qb6 32. a5 Qd6 33. Rd7 Qb8 34. a6 f4 35.
a7 Qa8 36. Bd3 Ng7 37. Qc7 Ne8 38. Qc5 Ng7 39. Qe7 R6f7 40. Nxf7 Nf5 41. Nxh6+
Kh8 42. Qh7# 1-0

[Event "Amagermesterskabet Gruppe 1 2014"]
[Site "Sundbyoster"]
[Date "2014.10.21"]
[Round "7"]
[White "Nielsen, Jens Holm"]
[Black "Varming, Thomas"]
[Result "1/2-1/2"]
[WhiteElo "1675"]
[BlackElo "1899"]
[PlyCount "66"]
[EventDate "2014.??.??"]

1. Nc3 d5 2. e4 dxe4 3. Nxe4 Nf6 4. Nxf6+ gxf6 5. Bc4 Qd6 6. Qh5 e6 7. d3 Nc6
8. Bd2 Bd7 9. O-O-O Ne5 10. Nf3 Ng6 11. g3 O-O-O 12. Bb5 Bxb5 13. Qxb5 Qd5 14.
Qxd5 Rxd5 15. Be3 h5 16. h4 Be7 17. c4 Rd7 18. d4 Rhd8 19. Kc2 b6 20. Nd2 e5
21. d5 f5 22. Nb3 Bf6 23. Bg5 Be7 24. Bxe7 Nxe7 25. Rhe1 f6 26. Rd2 c6 27. dxc6
Rxd2+ 28. Nxd2 Nxc6 29. a3 Nd4+ 30. Kc3 Kc7 31. Re3 e4 32. f3 exf3 33. Nxf3 Nc6
1/2-1/2